000 00591nam a22002417a 4500
005 20260413173939.0
008 180514b2000 xxu||||| |||| 00| 0 spa d
020 _a9780754804659
041 _aESP
082 _a796.815 G653k
100 _aGoodman, Fay
_947009
245 _aKung Fu:tae kwondo, tae chi- -IATDO- Shint Ryu
260 _aEstados Unidos
260 _bLorenz Books
260 _c2000
300 _a128 páginas
490 _aTemática General
650 _aKUN FU
650 _aWING CHUN
650 _aTAEKWONDO
650 _aTAI CHI CHUAN
942 _cBK
_2ddc
999 _c10620
_d10620